000 00433nam a2200181Ia 4500
001 10890
005 20260306161905.0
008 260306t1985||||xx |||||||||||||| ||spa||
041 _aESP
082 _a980
_bS22H T. 3
100 _aSánchez, Luis Alberto,
_eAUT
245 0 _aHistoria general de América
260 _c1985
300 _a303 páginas :
_c20 cm.
650 _aGEN
654 _aCHU
942 _cLIB
_dJUS
_fJUS
_2ddc
_n
999 _c10890
_d10890